Murales de Jalisco /

Estudio sobre el cultivo y desarrollo de la pintura mural en Jalisco, desde el periodo colonial hasta el siglo XX. Cuatro de sus ocho capítulos están dedicados al trabajo de José Clemente Orozco y uno a las obras de David Alfaro Siqueiros en Jalisco. Edición fuera de comercio, con un tiraje de cinco...

Celý popis

Uloženo v:
Podrobná bibliografie
Hlavní autor: García Oropeza, Guillermo (autor)
Další autoři: Martínez Réding, Fernando (edición) (edición), Orozco Romero, Alberto (prólogo) (prólogo)
Médium: Kniha
Jazyk:španělština
Vydáno: Guadalajara, México : Gobierno del Estado de Jalisco, 1976, c1976
Vydání:Edición fuera de comercio
Témata:
Tagy: Přidat tag
Žádné tagy, Buďte první, kdo vytvoří štítek k tomuto záznamu!

MARC

LEADER 00000nam^a2200000^a^4500
001 000325904
005 20250521000000.0
008 121031 19761976
009 20260310113750.734
037 |a Acervo ITESO - Biblioteca 
041 |a ESP 
082 |a 759. 97235  |b GAR 
100 |a García Oropeza, Guillermo  |e (autor) 
245 1 0 |a Murales de Jalisco /  |c G. García Oropeza ; ed. de F. Martínez Réding ; pról. de A. Orozco Romero. 
250 |a Edición fuera de comercio 
264 4 |a Guadalajara, México :  |b Gobierno del Estado de Jalisco,  |c 1976, c1976 
300 |a 155 p. 
336 |a texto  |b txt  |2 rdacontenido 
337 |a sin mediación  |b n  |2 rdamedio 
338 |a volumen  |b nc  |2 rdasoporte 
515 |a Ejemplar N° 1318 de un tiraje de 5000 
520 |a Estudio sobre el cultivo y desarrollo de la pintura mural en Jalisco, desde el periodo colonial hasta el siglo XX. Cuatro de sus ocho capítulos están dedicados al trabajo de José Clemente Orozco y uno a las obras de David Alfaro Siqueiros en Jalisco. Edición fuera de comercio, con un tiraje de cinco mil ejemplares numerados. El ejemplar procedente del Fondo Díaz Morales aparece sellado con el número 1318. 
586 |a Premio Nacional de Ciencias y Artes, categoría Bellas Artes (2°: 1946): Biografías, crítica e interpretación 
586 |a Premio Nacional de Ciencias y Artes, categoría Bellas Artes (17°: 1966): Biografías, crítica e interpretación 
649 |a XX 
650 |a Pintores Jaliscienses 
650 |a Pintores Mexicanos 
650 |a Artistas Jaliscienses 
650 |a Artistas Mexicanos 
650 |a Retablos -  |z Jalisco -  |x Historia y Crítica 
650 |a Nacionalismo en la Pintura -  |z Jalisco -  |x Historia y Crítica 
650 |a Nacionalismo en la Pintura -  |z México -  |x Historia y Crítica 
650 |a Pintura Mural -  |z Jalisco -  |x Historia y Crítica -  |x Tema Principal 
650 |a Pintura Mural -  |z México -  |x Historia y Crítica 
650 |a Pintura Moderna -  |z Jalisco -  |x Historia y Crítica 
650 |a Pintura Moderna -  |z México -  |x Historia y Crítica 
650 |a Pintura Jalisciense -  |x Historia y Crítica 
650 |a Pintura Mexicana -  |x Historia y Crítica 
650 |a Nacionalismo en el Arte -  |z Jalisco -  |x Historia y Crítica 
650 |a Nacionalismo en el Arte -  |z México -  |x Historia y Crítica 
650 |a Arte Moderno -  |z Jalisco -  |x Historia y Crítica 
650 |a Arte Moderno -  |z México -  |x Historia y Crítica 
650 |a Arte Jalisciense -  |x Historia y Crítica 
650 |a Arte Mexicano -  |x Historia y Crítica 
650 |a Orozco, José Clemente 
650 |a Siqueiros 
700 |a Martínez Réding, Fernando  |e (edición) 
700 |a Orozco Romero, Alberto  |e (prólogo) 
910 |a Fondo Ignacio Díaz Morales 
920 |a Impresos - Libros 
930 |a Arquitectos Jaliscienses 
905 |a 114 
901 |a 0500214519  |b IT1  |c JAL  |i D59516  |u 20250521 
902 |a https://opac.biblio.iteso.mx/vufind/Record/000325904